| 000 | 00608nam a22002177a 4500 | ||
|---|---|---|---|
| 003 | OSt | ||
| 005 | 20140310181707.0 | ||
| 008 | 121123t xxu||||| |||| 00| 0 eng d | ||
| 010 | _a86062969 | ||
| 020 | _a0940777061 | ||
| 050 |
_aDS 686.6 _b.M478 1987 |
||
| 082 |
_aFIL 959.9046 _bM14 1987 |
||
| 100 | _aMcDougald, Charles C. | ||
| 245 |
_aThe Marcos file / _cCharles C. McDougald. |
||
| 260 |
_aSan Francisco, CA. : _bSan Francisco Publishers, _c1987. |
||
| 300 |
_g20 cm. _a345 p. : _bill. ; |
||
| 650 |
_aPhilippine President _xFerdinand Marcos |
||
| 942 |
_2lcc _cBK |
||
| 999 |
_c1382 _d1382 |
||